Statystyki dla Państwa na południku zerowym

Kliknij tutaj aby rozwiązać quiz!

Ogólne statystyki

  • Ten quiz został rozwiązany 7 695 razy
  • Średni wynik to 13 z 20

Statystyki odpowiedzi

OdległośćKraj% Poprawnych
Wielka Brytania
91%
Francja
88%
Hiszpania
84%
Algieria
83%
1,17°Maroko
82%
0,12°Niger
76%
Mali
74%
2,75°Nigeria
73%
4,75°Mauretania
65%
2,58°Wybrzeże Kości Słoniowej
65%
Ghana
64%
Togo
64%
Burkina Faso
59%
0,83°Benin
58%
1,40°Andora
57%
2,58°Belgia
55%
3,25°Holandia
54%
4,50°Norwegia
47%
5,73°Luksemburg
46%
5,62°Gwinea Równikowa
40%

Rozkład punktacji

Percentyl według liczby udzielonych odpowiedzi

Procent ludzi z każdym wynikiem

Twoja historia wyników

Nie rozwiązałeś tego quizu